• 首页
  • 本馆介绍
  • 公告通知
  • 最新文献
  • 馆藏检索
  • 电子资源
  • 读者导购
  • 参考咨询
  • 我的图书馆
  • 登录
  • 详细信息显示
  • 放入我的书架
  • 预约/预借图书
  • 作者相关作品
  • 分类相关作品
  • 丛书相关作品
  • 出版社相关作品

书目信息

  • 表格格式
  • 工作单格式
  • 卡片格式
题名:
形神兼备
    
 
作者: 余辉 著
分册:  
出版信息: 长春   吉林美术出版社  1999.01
页数: 153页
开本: 19cm
丛书名:
单 册:
中图分类: J211.25
科图分类:
主题词: 绘画--技法(美术)
电子资源:
ISBN: 7-5386-0719-6
000 00620nam0 2200217 450
001 0432268920
005 20040409085748.67
010    @a7-5386-0719-6@dCNY15.00
100    @a20040409d1999 km y0chiy0120 ea
101 0  @achi
102    @aCN@b220000
200 1  @a形神兼备@e中国人物画@Axing shen jian bei@f余辉著@Fyu hui zhu
210    @a长春@c吉林美术出版社@d1999.01
215    @a153页@c图@d19cm
300    @a世界艺术教育文库
517 1  @a中国人物画@Azhong guo ren wu hua
606 0  @a绘画@x技法(美术)
690    @aJ211.25@v4
701  0 @a余辉@Ayu hui@4著
801  0 @aCN@bPFT@c20040409
905    @aBZT@dJ211.25@e1@f8
    
    形神兼备:中国人物画/余辉著.-长春:吉林美术出版社,1999.01
    153页:图;19cm
    世界艺术教育文库
    
    ISBN 7-5386-0719-6:CNY15.00
    
●
相关链接 在五车中查询图书 在当当中查询图书 在豆瓣中查询图书


正题名:形神兼备     索取号:J211.25/1         预约/预借

序号 登录号 条形码 馆藏地/架位号 状态 备注
1 0362053   230079420   中心书库中库/ 中库016架B面1列3层11/ [索取号:J211.25/1] 在馆    
2 0362054   200286001   中心书库中库/ 中库016架B面1列3层14/ [索取号:J211.25/1] 在馆    
3 0362055   230079414   中心书库中库/ 中库016架B面1列3层15/ [索取号:J211.25/1] 在馆    
4 0362056   230079418   中心书库中库/ 中库018架B面3列5层18/ [索取号:J211.25/1] 在馆    
5 0362057   230079422   中心书库中库/ 中库016架B面1列3层10/ [索取号:J211.25/1] 在馆    
6 0362058   200285949   中心书库中库/ 中库016架B面1列3层13/ [索取号:J211.25/1] 在馆    
7 0362059   230079416   中心书库中库/ 中库016架B面1列3层12/ [索取号:J211.25/1] 在馆    
8 2001741208   2001741208   样本书库/样004架A面5层2列/ [索取号:J211.25/1] 在馆    
山东省滨州职业学院图书馆 欢迎您!
大连网信软件有限公司© 版权所有